Pays dont les habitants marchent le plus - Statistiques

Statistiques générales
  • Ce quiz a été pris 45 fois
  • Le résultat moyen est 3 sur 6
Statistiques - réponses
Hint Réponse % Correct
6 010 pas Japon
87%
6 189 pas Chine
85%
5 969 pas Russie
69%
5 913 pas Belgique
38%
5 936 pas Espagne
38%
6 107 pas Ukraine
28%
Aucun quiz correspondant
Distribution des résultats
% des personnes avec chaque résultat
Percentile par nombre de réponses
Votre historique - résultats
Vous n’avez pas pris ce quiz